La tapisserie gothique (Record no. 7516)

MARC details
000 -CABECERA
campo de control de longitud fija 00867nam a2200241 a 4500
001 - NÚMERO DE CONTROL
campo de control BRCA_7842
005 - FECHA Y HORA DE LA ÚLTIMA TRANSACCIÓN
campo de control 20190320210023.0
008 - DATOS DE LONGITUD FIJA--INFORMACIÓN GENERAL
campo de control de longitud fija 071113s1928----fr-a######---#000-0#fre-#
041 ## - CÓDIGO DE LENGUA
Código de lengua del texto/banda sonora o título independiente fre
044 ## - CÓDIGO DEL PAÍS DE LA ENTIDAD EDITORA/PRODUCTORA
Código MARC del país fr
050 #4 - SIGNATURA TOPOGRÁFICA DE LA BIBLIOTECA DEL CONGRESO
Número de clasificación NK3005
Número de documento/Ítem .T37 1928
245 10 - MENCIÓN DE TÍTULO
Título La tapisserie gothique
Mención de responsabilidad, etc. Manufacture Nationale des Gobelins.
260 ## - PUBLICACIÓN, DISTRIBUCIÓN, ETC.
Lugar de publicación, distribución, etc. París
Nombre del editor, distribuidor, etc. A. Morance
Fecha de publicación, distribución, etc. 1928
300 ## - DESCRIPCIÓN FÍSICA
Extensión 1 v. (sin paginación)
Otras características físicas il. (algunas a color), 60 láminas
Dimensiones 40 cm.
500 ## - NOTA GENERAL
Nota general Y59
500 ## - NOTA GENERAL
Nota general Les tapisseries que nous reproduisons dans cet album sontcelles qui figuraient a Exposition gothique de la Manufacture Nationale des Gobelins au mois de Juin 1928
650 14 - PUNTO DE ACCESO ADICIONAL DE MATERIA--TÉRMINO DE MATERIA
Término de materia o nombre geográfico como elemento de entrada Tapices
9 (RLIN) 1909
650 14 - PUNTO DE ACCESO ADICIONAL DE MATERIA--TÉRMINO DE MATERIA
Término de materia o nombre geográfico como elemento de entrada Arte gótico
Subdivisión de forma Exposiciones
9 (RLIN) 12894
650 14 - PUNTO DE ACCESO ADICIONAL DE MATERIA--TÉRMINO DE MATERIA
Término de materia o nombre geográfico como elemento de entrada Gobelinos
9 (RLIN) 9246
710 2# - PUNTO DE ACCESO ADICIONAL--NOMBRE DE ENTIDAD CORPORATIVA
Nombre de entidad corporativa o nombre de jurisdicción como elemento de entrada Manufacture Nationale de Tapisseries des Gobelins (Francia)
9 (RLIN) 19409
902 ## - CATALOGADOR
Iniciales GFM
942 ## - ELEMENTOS DE PUNTO DE ACCESO ADICIONAL (KOHA)
Fuente del sistema de clasificación o colocación Library of Congress Classification
Tipo de ítem Koha Libros
Holdings
Estado de retiro Estado de pérdida Estado dañado No para préstamo Localización permanente Ubicación/localización actual Fecha de adquisición Número de inventario Total de préstamos Signatura topográfica completa Código de barras Fecha visto por última vez Precio válido a partir de Tipo de ítem Koha
El ejemplar forma parte de la colección y puede ser consultado según las políticas vigentes.       Biblioteca del Museo Franz Mayer (Rogerio Casas-Alatriste) Biblioteca del Museo Franz Mayer (Rogerio Casas-Alatriste) 06/11/2013 Y59   NK3005 .T37 1928 (Y59) 8453 22/03/2019 22/03/2019 Libros